Top 10 U.S. States with the Least Precipitation - Statistics

General Stats
  • This quiz has been taken 62,248 times
    34,908 since last reset
  • The average score is 8 of 10
Answer Stats
inches state cm % Correct
11.6 Arizona 29.5
95%
13.8 New Mexico 35.1
94%
10.2 Nevada 25.9
92%
13.5 Utah 34.3
88%
22.3 California 56.6
87%
18.0 Colorado 45.7
83%
16.0 Wyoming 40.6
78%
18.9 Montana 48.0
75%
21.2 South Dakota 53.8
73%
18.8 North Dakota 47.8
72%
No matching quizzes found
Score Distribution
Percent of People with Each Score
Percentile by Number Answered
Your Score History
You have not taken this quiz since the last reset